1528 1780 1836 1914 1821 1868 1023 1232 1244 1702 1177 1285 1498 1013 1704 1005 1163 1902 1919 1571 1303 1445 1555 1039 1933 1388 1079 1868 1507 1921 1744 1442 1711 1906 1159 1369 1914 1788 1492 1268 1570 1534 1330 1227 1284 1047 1073 1935 1833 1413 1316 1453 1597 1700 1068 1513 1624 1287 1450 1791 1663 1762 1326 1520 1537 1149 1716 1083 1844 1401 1751 1551 1962 1328 1353 1144 1956 1753 1603 1440 1206 1993 1192 1234 1859 1948 1550 1984 1337 1923 1430 1707 1974 1667 1732 1715 1697 1860 1783 BCNSPRNW ULIB Ver.6.0+V

เปลี่ยนเป็นภาษาไทย

Change to English
 แสดงรายละเอียดบรรณานุกรม
  กลับหน้าหลัก

Brief Record : Get Marc (ISO 2709) : E-mail record : QR code < ปิดหน้าต่าง
LEADER : 00000nam 2200000uu 4500
001    13399127164
003     ULIB
008    191018s2562||||th 000 0 tha d
020 ^- ^a9786160036073
050 ^- ^aนว.^bบ895อ^cล.2
100 ^- ^aแบมแบม.
245 10 ^aอาณาจักรพระอาทิตย์ เล่ม 1- 2 (SETTING SUN) /^cแบมแบม.
250 ^- ^aพิมพ์ครั้งที่ 1.
260 ^- ^aปทุมธานี :^bDeep,^c2562
300 ^- ^a301 หน้า.
945    ^p325^l0^i006350
999    ^aประนอม เกษจรัล
รายการนี้ยังไม่มีแท็ก
คุณยังไม่ได้ล็อกอิน คุณสามารถมีกิจกรรมร่วมกับเว็บไซต์ได้ แต่ต้องล็อกอินก่อน ::
  ล็อกอิน

รายการสื่อสารสนเทศ

ลำดับที่ ประเภท เลขเรียก/บาร์โค้ด สถานที่ สถานะ
1. นวนิยาย
นวนิยาย
นว. บ895อ ล.2 ฉ.1 
  Barcode: 006350
ห้องสมุดวิทยาเขตนครสวรรค์
►นวนิยาย:l:Fiction
บนชั้น

รายการใกล้เคียง
    ผู้แต่ง [แบมแบม.]

BibComment


ยังไม่เคยถูกคอมเมนท์

คอมเมนท์ทรัพยากรรายการนี้
  คอมเมนท์: อาณาจักรพระอาทิต..


 Copyright 2026. Bcnsprnw @Library